<?xml version="1.0" encoding="UTF-8"?>
<record
    xmlns:xsi="http://www.w3.org/2001/XMLSchema-instance"
    xsi:schemaLocation="http://www.loc.gov/MARC21/slim http://www.loc.gov/standards/marcxml/schema/MARC21slim.xsd"
    xmlns="http://www.loc.gov/MARC21/slim">

  <leader>03772    a2200205   4500</leader>
  <controlfield tag="001">28065</controlfield>
  <controlfield tag="005">20260407155552.0</controlfield>
  <controlfield tag="008">260407a1965    arg                 spa d</controlfield>
  <controlfield tag="003">AR-UNSa-BCEJYS</controlfield>
  <datafield tag="040" ind1=" " ind2=" ">
    <subfield code="a">AR-UNSa-BCEJYS</subfield>
    <subfield code="b">spa</subfield>
    <subfield code="c">AR-UNSa-BCEJYS</subfield>
  </datafield>
  <datafield tag="080" ind1=" " ind2=" ">
    <subfield code="a">657</subfield>
    <subfield code="x">Contabilidad</subfield>
  </datafield>
  <datafield tag="245" ind1="1" ind2="0">
    <subfield code="a">Contabilidad</subfield>
  </datafield>
  <datafield tag="250" ind1=" " ind2=" ">
    <subfield code="a">7a. ed</subfield>
  </datafield>
  <datafield tag="264" ind1=" " ind2="1">
    <subfield code="a">Salta :</subfield>
    <subfield code="b">Codex</subfield>
    <subfield code="c">1965</subfield>
  </datafield>
  <datafield tag="300" ind1=" " ind2=" ">
    <subfield code="a">8 v.</subfield>
    <subfield code="c">24 cm.</subfield>
  </datafield>
  <datafield tag="505" ind1=" " ind2=" ">
    <subfield code="a">Vol.I: 1. Introducci&#xF3;n - 2. Comercio, acto de comercio y comerciantes - 3. Compraventa mercantil - 4. Terminolog&#xED;a Mercantil - 5. Docuemtos Comeriales - 6. Libros de comercio - 7. Tenedur&#xED;a de libros - 8. An&#xE1;lisis de cuentas - 9. Jornalizaci&#xF3;n de operaciones - 10. Balance general - 11. Ejercicio.-- Vol.II: 1. Sociedades - 2. Sociedades colectivas, en comanditas(simple) y de capital e industria - 3. Sociedades accidentales o en participaci&#xF3;n - 4. Consiganaciones - 5. Comisi&#xF3;n de compras - 6. Agentes auxiliares del comercio - 7. Tenedur&#xED;a de libros - 8.Balance general - 9. Inventario - 10. Cuadro demostrativo de ganancias y p&#xE9;rdidas - 11. Ejercicio sobre balances -- Vol.III: 1. Cuenta corriente mercantil - 2. Monedas - 3. Cambios - 4. Letra de cambio - 5. Comercio de importaci&#xF3;n y exportaci&#xF3;n - 6. Inmuebles - 7. Valores mobiliarios - 8. Cr&#xE9;dito - 9. Cr&#xE9;dito prendario - 10. Cr&#xE9;dito hipotecario - 11. Teneduria de libros - 12. Balance general -- Vol.IV: 1. Sociedades ano&#xF3;nimas - 2. Capital de las sociedades an&#xF3;nimas - 3. Aperturas de libros de las sociedades an&#xF3;nimas - 4. Aportes en especiales.Transformaci&#xF3;n de empresas no an&#xF3;nimas en sociedades an&#xF3;nimas - 5. Morosidad de suscriptores.Aumento del capital. Gastos de organizaci&#xF3;n - 6. Administraci&#xF3;n y fiscalizaci&#xF3;n - 7. Balances de la sociedades an&#xF3;nimas - 8. Accionistas disidentes - 9. Disoluci&#xF3;n y liquidaci&#xF3;n - 10. Fusi&#xF3;n de sociedades an&#xF3;nimas. Sociedades extranjeras - 11. Debentures - 12. Sociedades en comandita por acciones - 13. Sociedades de responsabilidad limitada - 14. Sociedads cooperativas - 15. Sociedades de econom&#xED;a mixta.Asociaciones civiles - 16. Contabilidad agr&#xED;cola-ganadera - 17. Contabilidad agr&#xED;cola - 18. Contabilidad ganadera - 19. Contabilidad industrial- 20. Precio de costo preventivo y definitivo - 21. Plan de cuentas de la contabilidad industrial - 22. Organizaci&#xF3;n de la contabilidad industrial - 23. Balance general - 24. Ejercicio -- Vol.V: 1. Bancos - 2. Banco de dep&#xF3;sitos y descuentos - 4. Banco hipotecario nacional - 5. Seguros - 6. Contabilidad de seguros - 7. Organizaci&#xF3;n contable de la gran empresa - 8. Transporte -- Vol.VI: 1. Comercio - 2. Comercio interior - 3. Comercio exterior - 4. Trasnporte - 5. Ferias y mercados - 6. Bolsas - 7. Asociaci&#xF3;n de expansi&#xF3;n comercial. Consorcios y amalgamas - 8. Elevadores de granos - 9. La empresa - 10. Principios sobre la organizaci&#xF3;n racional de la empresa - 9. Organizaci&#xF3;n interna de la empresa - 12. Personal - 13. Publicidad y propaganda - 14. &#xC9;tica comercial -- Vol.VII: Parte I: Los fraudes del personal - Parte II: Balances falsos - Parte III: An&#xE1;lisis e interpretaci&#xF3;n de balances - Vol.VIII: 1. Principios de derecho administrativo -2. Servicios p&#xFA;blicos - 3. Organizaci&#xF3;n administrativa argentina - 4. Poder de policia - 5. Legislaci&#xF3;n fiscal - 6. Impuesto a los r&#xE9;ditos - 7. Impuesto a las ganancias eventuales - 8. Impuesto a la ventas - 9. Impuestos internos - 10. Impuesto a la transmisi&#xF3;n gratuita de bienes - 11. Impuesto substitutivo del gravamen a la transmisi&#xF3;n gratuita de bienes - 12. Impuesto de sellos - 13. Impuesto a las actividades lucrativas - 14. Aduanas - 15. Presupuesto - 16. Derecho penal fiscal - 17. Lo contencioso-administrativo.-</subfield>
  </datafield>
  <datafield tag="942" ind1=" " ind2=" ">
    <subfield code="c">BK</subfield>
  </datafield>
  <datafield tag="590" ind1=" " ind2=" ">
    <subfield code="a">niveau_biblio:m niveau_hierar:0</subfield>
  </datafield>
  <datafield tag="100" ind1="1" ind2=" ">
    <subfield code="a">Cholvis, Francisco</subfield>
  </datafield>
  <datafield tag="999" ind1=" " ind2=" ">
    <subfield code="c">1645</subfield>
    <subfield code="d">1645</subfield>
  </datafield>
  <datafield tag="952" ind1=" " ind2=" ">
    <subfield code="0">0</subfield>
    <subfield code="1">0</subfield>
    <subfield code="4">0</subfield>
    <subfield code="7">0</subfield>
    <subfield code="a">BCEJYS</subfield>
    <subfield code="b">BCEJYS</subfield>
    <subfield code="c">16</subfield>
    <subfield code="d">2026-04-07</subfield>
    <subfield code="l">0</subfield>
    <subfield code="o">657 C547 v.8 7ed.</subfield>
    <subfield code="p">L21514</subfield>
    <subfield code="r">2026-04-07 15:55:52</subfield>
    <subfield code="w">2026-04-07</subfield>
    <subfield code="y">L</subfield>
  </datafield>
  <datafield tag="952" ind1=" " ind2=" ">
    <subfield code="0">0</subfield>
    <subfield code="1">0</subfield>
    <subfield code="4">0</subfield>
    <subfield code="7">0</subfield>
    <subfield code="a">BCEJYS</subfield>
    <subfield code="b">BCEJYS</subfield>
    <subfield code="c">16</subfield>
    <subfield code="d">2026-04-07</subfield>
    <subfield code="l">0</subfield>
    <subfield code="o">657 C547 v.7 7ed.</subfield>
    <subfield code="p">L21513</subfield>
    <subfield code="r">2026-04-07 15:55:52</subfield>
    <subfield code="w">2026-04-07</subfield>
    <subfield code="y">L</subfield>
  </datafield>
  <datafield tag="952" ind1=" " ind2=" ">
    <subfield code="0">0</subfield>
    <subfield code="1">0</subfield>
    <subfield code="4">0</subfield>
    <subfield code="7">0</subfield>
    <subfield code="a">BCEJYS</subfield>
    <subfield code="b">BCEJYS</subfield>
    <subfield code="c">16</subfield>
    <subfield code="d">2026-04-07</subfield>
    <subfield code="l">0</subfield>
    <subfield code="o">657 C547 v.6 7ed.</subfield>
    <subfield code="p">L21512</subfield>
    <subfield code="r">2026-04-07 15:55:52</subfield>
    <subfield code="w">2026-04-07</subfield>
    <subfield code="y">L</subfield>
  </datafield>
  <datafield tag="952" ind1=" " ind2=" ">
    <subfield code="0">0</subfield>
    <subfield code="1">0</subfield>
    <subfield code="4">0</subfield>
    <subfield code="7">0</subfield>
    <subfield code="a">BCEJYS</subfield>
    <subfield code="b">BCEJYS</subfield>
    <subfield code="c">16</subfield>
    <subfield code="d">2026-04-07</subfield>
    <subfield code="l">0</subfield>
    <subfield code="o">657 C547 v.5 7ed.</subfield>
    <subfield code="p">L21511</subfield>
    <subfield code="r">2026-04-07 15:55:52</subfield>
    <subfield code="w">2026-04-07</subfield>
    <subfield code="y">L</subfield>
  </datafield>
  <datafield tag="952" ind1=" " ind2=" ">
    <subfield code="0">0</subfield>
    <subfield code="1">0</subfield>
    <subfield code="4">0</subfield>
    <subfield code="7">0</subfield>
    <subfield code="a">BCEJYS</subfield>
    <subfield code="b">BCEJYS</subfield>
    <subfield code="c">16</subfield>
    <subfield code="d">2026-04-07</subfield>
    <subfield code="l">0</subfield>
    <subfield code="o">657 C547 v.2 7ed.</subfield>
    <subfield code="p">L21508</subfield>
    <subfield code="r">2026-04-07 15:55:52</subfield>
    <subfield code="w">2026-04-07</subfield>
    <subfield code="y">L</subfield>
  </datafield>
  <datafield tag="952" ind1=" " ind2=" ">
    <subfield code="0">0</subfield>
    <subfield code="1">0</subfield>
    <subfield code="4">0</subfield>
    <subfield code="7">0</subfield>
    <subfield code="a">BCEJYS</subfield>
    <subfield code="b">BCEJYS</subfield>
    <subfield code="c">16</subfield>
    <subfield code="d">2026-04-07</subfield>
    <subfield code="l">0</subfield>
    <subfield code="o">657 C547 v.1 7ed.</subfield>
    <subfield code="p">L21507</subfield>
    <subfield code="r">2026-04-07 15:55:52</subfield>
    <subfield code="w">2026-04-07</subfield>
    <subfield code="y">L</subfield>
  </datafield>
  <datafield tag="952" ind1=" " ind2=" ">
    <subfield code="0">0</subfield>
    <subfield code="1">0</subfield>
    <subfield code="4">0</subfield>
    <subfield code="7">0</subfield>
    <subfield code="a">BCEJYS</subfield>
    <subfield code="b">BCEJYS</subfield>
    <subfield code="c">16</subfield>
    <subfield code="d">2026-04-07</subfield>
    <subfield code="l">0</subfield>
    <subfield code="o">657 C547 v.3 7ed.</subfield>
    <subfield code="p">L21509</subfield>
    <subfield code="r">2026-04-07 15:55:52</subfield>
    <subfield code="w">2026-04-07</subfield>
    <subfield code="y">L</subfield>
  </datafield>
  <datafield tag="952" ind1=" " ind2=" ">
    <subfield code="0">0</subfield>
    <subfield code="1">0</subfield>
    <subfield code="4">0</subfield>
    <subfield code="7">0</subfield>
    <subfield code="a">BCEJYS</subfield>
    <subfield code="b">BCEJYS</subfield>
    <subfield code="c">16</subfield>
    <subfield code="d">2026-04-07</subfield>
    <subfield code="l">0</subfield>
    <subfield code="o">657 C547 v.4 7ed.</subfield>
    <subfield code="p">L21510</subfield>
    <subfield code="r">2026-04-07 15:55:52</subfield>
    <subfield code="w">2026-04-07</subfield>
    <subfield code="y">L</subfield>
  </datafield>
</record>
